<?xml version="1.0" encoding="UTF-8"?><?xml-stylesheet type="text/xsl" href="static/style.xsl"?><OAI-PMH xmlns="http://www.openarchives.org/OAI/2.0/" xmlns:xsi="http://www.w3.org/2001/XMLSchema-instance" xsi:schemaLocation="http://www.openarchives.org/OAI/2.0/ http://www.openarchives.org/OAI/2.0/OAI-PMH.xsd"><responseDate>2026-06-05T12:48:35Z</responseDate><request verb="GetRecord" identifier="oai:riuma.uma.es:10630/39282" metadataPrefix="marc">https://riuma.uma.es/rest/oai/request</request><GetRecord><record><header><identifier>oai:riuma.uma.es:10630/39282</identifier><datestamp>2026-02-03T12:36:43Z</datestamp><setSpec>com_10630_2254</setSpec><setSpec>col_10630_37957</setSpec></header><metadata><record xmlns="http://www.loc.gov/MARC21/slim" xmlns:dcterms="http://purl.org/dc/terms/" xmlns:doc="http://www.lyncode.com/xoai" xmlns:xsi="http://www.w3.org/2001/XMLSchema-instance" xsi:schemaLocation="http://www.loc.gov/MARC21/slim http://www.loc.gov/standards/marcxml/schema/MARC21slim.xsd">
   <leader>00925njm 22002777a 4500</leader>
   <datafield ind2=" " ind1=" " tag="042">
      <subfield code="a">dc</subfield>
   </datafield>
   <datafield ind2=" " ind1=" " tag="720">
      <subfield code="a">Riquero Pincay, Christian Josue</subfield>
      <subfield code="e">author</subfield>
   </datafield>
   <datafield ind2=" " ind1=" " tag="260">
      <subfield code="c">2025</subfield>
   </datafield>
   <datafield ind2=" " ind1=" " tag="520">
      <subfield code="a">Esta tesis aborda los factores y desafíos que influyen en la calidad y sostenibilidad de la prensa digital en el Ecuador. El periodismo virtual ha experimentado un crecimiento a escala mundial, pero los medios ecuatorianos enfrentan retos, como las limitadas infraestructuras tecnológicas, dependencia de modelos económicos tradicionales basados en publicidad y problemas de conectividad. En el estudio del medio digital, como el caso de La República.ec de Ecuador, identifican diferencias muy significativas entre las estrategias de negocio, participación de la audiencia y la adaptabilidad tecnológica. Uno de los principales problemas que aborda la presente investigación es la presión por generar contenidos inmediatos, la falta de diversificación de ingresos y la carencia de acceso a tecnologías avanzadas que impactan de manera negativa la sostenibilidad económica y la calidad informativa de los medios virtuales ecuatorianos. Para resolver este gran problema, la investigación utiliza una metodología mixta, combinando análisis de contenidos de la información expuesta por los medios digitales, entrevistas semiestructuradas y encuestas estructuradas realizadas con muestras en Ecuador, permitiendo obtener datos sobre la percepción de la calidad informativa y los hábitos de consumo de noticias. Entre los referentes claves de un buen periodismo, se destaca El Diario.es, ya que ha logrado una sostenibilidad financiera a través de modelos de financiación diversificados y el uso de suscripciones. Por otro lado, La República.ec depende en gran medida de la publicidad, limitando su capacidad para ofrecer contenidos de mayor calidad informativa e innovación. Las audiencias españolas muestran una disposición a pagar por contenidos de calidad, mientras que en Ecuador la percepción de la información gratuita aún prevalece, complicando las implementaciones de modelos de pago por informarse.</subfield>
   </datafield>
   <datafield ind2=" " ind1=" " tag="520">
      <subfield code="a">Las conclusiones destacan que los medios digitales en el Ecuador deben diversificar sus fuentes de ingresos, personalizar sus contenidos y adoptar estrategias efectivas de marketing digital</subfield>
   </datafield>
   <datafield ind1="8" ind2=" " tag="024">
      <subfield code="a">https://hdl.handle.net/10630/39282</subfield>
   </datafield>
   <datafield tag="653" ind2=" " ind1=" ">
      <subfield code="a">Periodismo digital - Ecuador - Tesis doctorales</subfield>
   </datafield>
   <datafield tag="653" ind2=" " ind1=" ">
      <subfield code="a">Medios de comunicación social - Objetividad</subfield>
   </datafield>
   <datafield ind2="0" ind1="0" tag="245">
      <subfield code="a">El periodismo digital en Ecuador: estudio de los factores de sostenibilidad, calidad informativa y análisis comparativo con la prensa española.</subfield>
   </datafield>
</record>
</metadata></record></GetRecord></OAI-PMH>